000 00504nam a2200181Ia 4500
003 GCL
008 140319s9999 xx 000 0 eng d
040 _aGCL /
_cGCL
082 0 4 _a953.32
_bW Y
100 1 _aWENNER, MANFRED W
245 1 0 _aTHE YEMEN ARAB REPUBLIC: DEVELOPMENT AND CHANGE IN AN ANCIENT LAND /
_cWENNER, MANFRED W
260 _a[S.N] :
_bWEST PUBLISHING COMPANY ،
_c1991
300 _a194 P
650 0 4 _aHISTORY
650 0 4 _aYEMEN
650 0 4 _aHISTORY, ANCIENT
942 _2ddc
_cBK
999 _c13991
_d13991